[Event "Albrecht-Beer-Turnier Gera"]
[Site "Gera"]
[Date "2024.10.04"]
[Round "4.56"]
[White "Brade, Harald"]
[Black "Zakirov, Nikita"]
[Result "0-1"]
[WhiteElo "1578"]
[BlackElo "1750"]
[PlyCount "57"]
[EventDate "2024.10.03"]
[WhiteTeam "ESV Lok Döbeln"]
[BlackTeam "SVG CAISSA Kassel"]

1. e4 c6 2. d4 d5 3. e5 c5 4. Nc3 cxd4 5. Qxd4 e6 6. Nf3 Nc6 7. Bb5 Bd7 8. Bxc6
bxc6 9. Bg5 Ne7 10. a4 Qb8 11. Bxe7 Bxe7 12. Rb1 O-O 13. b4 a6 14. O-O Qc7 15.
Rfd1 c5 16. bxc5 Bxc5 17. Qd3 h6 18. Rb3 Qa7 19. Qd2 Rab8 20. Rdb1 Rxb3 21.
cxb3 Rb8 22. Qc2 a5 23. Rc1 Rc8 24. Na2 Ba3 25. Qd2 Bxc1 26. Nxc1 Qc5 27. Nd3
Qc3 28. Qd1 Qc2 29. Qe1 0-1

[Event "Albrecht-Beer-Turnier Gera"]
[Site "Gera"]
[Date "2024.10.04"]
[Round "4.57"]
[White "John, Linnea"]
[Black "Tran, Anh Duc Kevin"]
[Result "1-0"]
[WhiteElo "1749"]
[BlackElo "1585"]
[PlyCount "67"]
[EventDate "2024.10.03"]
[WhiteTeam "SV Königsjäger Süd-West"]
[BlackTeam "Erfurter SK"]

1. e4 c6 2. d4 d5 3. exd5 cxd5 4. Bd3 Nc6 5. c3 Nf6 6. Bf4 Bg4 7. Qb3 Qd7 8.
Nd2 e6 9. Ngf3 Be7 10. Ne5 Qc8 11. Ndf3 Bxf3 12. Nxf3 O-O 13. O-O Qd7 14. Bb5
a6 15. Ne5 Qc8 16. Bxc6 bxc6 17. Qb6 c5 18. Nc6 Bd8 19. Qxc5 Ne4 20. Ne7+ Bxe7
21. Qxe7 Re8 22. Qh4 Qb7 23. Rab1 Red8 24. f3 Nd6 25. Be5 Nc4 26. Qg5 Nxe5 27.
Qxe5 Rab8 28. f4 Qd7 29. f5 exf5 30. Qxf5 Qc7 31. Rfe1 Qc4 32. Re7 Rf8 33. Rf1
f6 34. Qd7 1-0

[Event "Albrecht-Beer-Turnier Gera"]
[Site "Gera"]
[Date "2024.10.04"]
[Round "4.58"]
[White "Naumann, Thomas"]
[Black "Struzina, Elias"]
[Result "1/2-1/2"]
[WhiteElo "1745"]
[BlackElo "1582"]
[PlyCount "55"]
[EventDate "2024.10.03"]
[WhiteTeam "ESV Lok Döbeln"]
[BlackTeam "TSV Kitzscher"]

1. e4 c5 2. Bc4 Nc6 3. Nf3 d6 4. O-O Nf6 5. d3 g6 6. h3 Bg7 7. c3 O-O 8. Nbd2
Bd7 9. Qc2 Na5 10. a3 Nxc4 11. Nxc4 b5 12. Ncd2 Rc8 13. Nh2 Bc6 14. f4 Nd7 15.
Ndf3 a6 16. Be3 Bb7 17. Rad1 Qc7 18. Rfe1 Qc6 19. Qd2 f5 20. exf5 Rxf5 21. d4
Rd5 22. Qf2 e5 23. dxe5 dxe5 24. fxe5 Nxe5 25. Nxe5 Rxe5 26. Nf3 Rf5 27. Qg3
Rcf8 28. Rf1 1/2-1/2

[Event "Albrecht-Beer-Turnier Gera"]
[Site "Gera"]
[Date "2024.10.04"]
[Round "4.59"]
[White "Boroshneva, Kassia"]
[Black "Bergmann, Rafael Antonio"]
[Result "0-1"]
[WhiteElo "1427"]
[BlackElo "1738"]
[PlyCount "90"]
[EventDate "2024.10.03"]
[WhiteTeam "SC Turm Erfurt"]
[BlackTeam "TSG Oberschöneweide"]

1. e4 e5 2. Nc3 Nf6 3. Nf3 Nc6 4. d4 exd4 5. Nxd4 Nxe4 6. Nxe4 Qe7 7. Nxc6
Qxe4+ 8. Qe2 Qxe2+ 9. Bxe2 bxc6 10. Bf3 Bb7 11. Bf4 O-O-O 12. O-O-O Bc5 13. Be3
Bxe3+ 14. fxe3 Rhe8 15. e4 c5 16. Rhe1 Re7 17. Rd2 Rde8 18. Rde2 f5 19. e5 Bxf3
20. gxf3 f4 21. h4 Re6 22. Re4 Rf8 23. Kd2 Kb7 24. c4 Rf5 25. R1e2 Kc8 26. Kd3
Kd8 27. a3 a5 28. Rg2 g6 29. Rg5 h5 30. Rxf5 gxf5 31. Rxf4 Rxe5 32. b3 Ke7 33.
Kc2 Kf6 34. b4 axb4 35. axb4 d6 36. bxc5 dxc5 37. Kd3 Re1 38. Kd2 Ra1 39. Kd3
Ke5 40. Rxf5+ Kxf5 41. Ke3 Ra3+ 42. Kf2 Kf4 43. Kg2 Rxf3 44. Kh2 Rg3 45. Kh1
Kf3 0-1

[Event "Albrecht-Beer-Turnier Gera"]
[Site "Gera"]
[Date "2024.10.04"]
[Round "4.69"]
[White "Härtel, Ben"]
[Black "Gersemann, Olaf"]
[Result "1/2-1/2"]
[WhiteElo "1753"]
[BlackElo "1440"]
[PlyCount "78"]
[EventDate "2024.10.03"]
[WhiteTeam "SC Reichenbach"]
[BlackTeam "TSG Oberschöneweide"]

1. d4 b6 2. c4 Bb7 3. Nc3 e6 4. e4 Bb4 5. Qc2 Bxc3+ 6. bxc3 Nc6 7. Bd3 Nce7 8.
d5 e5 9. Nf3 d6 10. O-O Nf6 11. Bg5 Nd7 12. Nd2 f6 13. Be3 O-O 14. f4 c5 15.
Be2 exf4 16. Bxf4 Ne5 17. Bxe5 fxe5 18. Bg4 Qc7 19. Be6+ Kh8 20. Nf3 Ng6 21.
Ng5 h6 22. Bf5 hxg5 23. Bxg6 Rf6 24. Rxf6 gxf6 25. Qe2 Qg7 26. Qh5+ Kg8 27. Bf5
Rd8 28. Rf1 Kf8 29. Be6 Ke7 30. Qf3 a5 31. Qe2 Ba6 32. Rb1 Rb8 33. Rb2 Qh8 34.
Qf1 Qf8 35. Qb1 Qd8 36. Qf1 Qh8 37. a3 Qe8 38. Qb1 Qd8 39. Qf1 Qh8 1/2-1/2

[Event "Albrecht-Beer-Turnier Gera"]
[Site "Gera"]
[Date "2024.10.05"]
[Round "5.1"]
[White "Philipp, Mathias"]
[Black "Buzzoni, Eugenio"]
[Result "0-1"]
[WhiteElo "2175"]
[BlackElo "2060"]
[PlyCount "70"]
[EventDate "2024.10.03"]
[WhiteTeam "SSV Vimaria 91 Weimar"]
[BlackTeam "SF Berlin 1903"]

1. e4 c5 2. Nf3 e6 3. d4 cxd4 4. Nxd4 Nc6 5. Nc3 Qc7 6. g3 a6 7. Bg2 Nf6 8. O-O
Nxd4 9. Qxd4 Bc5 10. Bf4 d6 11. Qd2 h6 12. Rad1 e5 13. Be3 Bb4 14. Nb5 axb5 15.
Qxb4 Rxa2 16. Rxd6 O-O 17. Rd2 Be6 18. Rb1 Rfa8 19. c3 Qc4 20. Bc5 Ra1 21. Qxc4
Rxb1+ 22. Qf1 Raa1 23. f3 Rxf1+ 24. Bxf1 Bh3 25. Rf2 Rd1 26. Be7 Nd7 27. f4 f5
28. fxe5 Nxe5 29. Rxf5 Nc4 30. Rf8+ Kh7 31. e5 Nd2 32. e6 Rxf1+ 33. Rxf1 Nxf1
34. Bd6 Ne3 35. e7 Bd7 0-1

[Event "Albrecht-Beer-Turnier Gera"]
[Site "Gera"]
[Date "2024.10.05"]
[Round "5.2"]
[White "Langheinrich, Ferenc"]
[Black "Ahmed, Daniel"]
[Result "1/2-1/2"]
[WhiteElo "2335"]
[BlackElo "2046"]
[PlyCount "64"]
[EventDate "2024.10.03"]
[WhiteTeam "ESV Nickelhütte Aue"]
[BlackTeam "SV Motor Zeitz"]

1. e4 d5 2. exd5 Qxd5 3. Nc3 Qd8 4. d4 Nf6 5. h3 g6 6. Nf3 Bg7 7. Bc4 O-O 8.
O-O Nc6 9. Be3 e6 10. Qe2 a6 11. a4 b6 12. Rad1 Nb4 13. Bg5 Bb7 14. Bb3 Qd6 15.
Rfe1 Rae8 16. Bxf6 Bxf6 17. Ne4 Qe7 18. Nxf6+ Qxf6 19. Ne5 Rd8 20. Ng4 Qg7 21.
Qe5 Qxe5 22. dxe5 Kg7 23. f4 c5 24. Rxd8 Rxd8 25. c3 Rd2 26. cxb4 Rxg2+ 27. Kf1
Rxb2 28. Re3 cxb4 29. Nf6 Bc6 30. Ke1 a5 31. h4 b5 32. Rd3 bxa4 1/2-1/2

[Event "Albrecht-Beer-Turnier Gera"]
[Site "Gera"]
[Date "2024.10.05"]
[Round "5.3"]
[White "Kapp, Martin"]
[Black "Herrmann, Jakob"]
[Result "0-1"]
[WhiteElo "2193"]
[BlackElo "2142"]
[PlyCount "94"]
[EventDate "2024.10.03"]
[WhiteTeam "SV Eiche Reichenbrand"]
[BlackTeam "SAV Torgelow-Drögeheide 90"]

1. d4 d5 2. c4 e6 3. Nc3 c6 4. e4 dxe4 5. Nxe4 Bb4+ 6. Bd2 Qxd4 7. Bxb4 Qxe4+
8. Be2 Na6 9. Ba5 b6 10. Bc3 Bb7 11. Qd6 Rd8 12. Qg3 Ne7 13. Nf3 Nf5 14. Qh3 c5
15. Kf1 Nd4 16. Bxd4 cxd4 17. Ne1 Nc5 18. Nd3 h6 19. Qg3 O-O 20. Rd1 Qf5 21. h4
Rfe8 22. Nf4 Ne4 23. Qg4 Qxg4 24. Bxg4 Nf6 25. Bf3 Ba6 26. b3 e5 27. Nh5 Nxh5
28. Bxh5 g6 29. Be2 Kg7 30. a4 f5 31. Ra1 Kf6 32. Rh3 Bc8 33. Rd3 e4 34. Rd2 d3
35. Bd1 f4 36. Rb2 Ke5 37. a5 Kd4 38. axb6 axb6 39. Rc1 e3 40. Bf3 d2 41. Rd1
Kc3 42. Ra2 Bf5 43. c5 bxc5 44. Ra4 Bc2 45. Rc4+ Kb2 46. Rxf4 Bxd1 47. Bxd1 e2+
0-1

[Event "Albrecht-Beer-Turnier Gera"]
[Site "Gera"]
[Date "2024.10.05"]
[Round "5.4"]
[White "Schuricht, Emil Frederick"]
[Black "Schulz, Karsten"]
[Result "1/2-1/2"]
[WhiteElo "2145"]
[BlackElo "2166"]
[PlyCount "77"]
[EventDate "2024.10.03"]
[WhiteTeam "Krefelder SK Turm 1851"]
[BlackTeam "SF Schwerin"]

1. c4 g6 2. Nc3 Bg7 3. Nf3 d6 4. d4 e5 5. dxe5 dxe5 6. Qxd8+ Kxd8 7. g3 f6 8.
b3 Be6 9. Ba3 Nd7 10. O-O-O Nh6 11. Bg2 Nf7 12. Ne4 Kc8 13. e3 Bf8 14. Kb2 c6
15. Rd2 Kc7 16. Rhd1 Rd8 17. Bxf8 Rhxf8 18. Kc3 Bg4 19. h3 Bxf3 20. Bxf3 f5 21.
Nd6 Nxd6 22. Rxd6 e4 23. Be2 c5 24. f4 exf3 25. Bxf3 b6 26. e4 Ne5 27. Rxd8
Rxd8 28. Rxd8 Kxd8 29. Bg2 fxe4 30. Bxe4 Ke7 31. Kd2 Kf6 32. Ke3 h6 33. Bd5 g5
34. Ke4 Ng6 35. Bc6 Ke6 36. Bb7 Ne7 37. Ba6 Kd6 38. Bb5 Ke6 39. Ba6 1/2-1/2

[Event "Albrecht-Beer-Turnier Gera"]
[Site "Gera"]
[Date "2024.10.05"]
[Round "5.5"]
[White "Torosyan, Bagrat"]
[Black "Pietzsch, Manuel"]
[Result "1-0"]
[WhiteElo "2164"]
[BlackElo "2042"]
[PlyCount "79"]
[EventDate "2024.10.03"]
[WhiteTeam "TSG Oberschöneweide e.V."]
[BlackTeam "SV Motor Zeitz"]

1. Nf3 Nf6 2. g3 g6 3. Bg2 Bg7 4. O-O O-O 5. c4 d6 6. Nc3 Nbd7 7. d3 e5 8. Rb1
Re8 9. Nd2 a5 10. a3 Nc5 11. b4 axb4 12. axb4 Ne6 13. Nb3 c6 14. b5 d5 15. cxd5
Nxd5 16. Nxd5 cxd5 17. Qc2 Qd6 18. Be3 Bd7 19. Bc5 Qb8 20. Qd2 Nxc5 21. Nxc5
Be6 22. Rfc1 Rc8 23. Rc2 Bf8 24. Nxe6 fxe6 25. Rbc1 Rxc2 26. Qxc2 Bd6 27. e4 d4
28. h4 Qe8 29. Qc4 Ra3 30. Bh3 Kf7 31. Kg2 Ra5 32. Rb1 Ra3 33. Rb3 Ra2 34. h5
Kg7 35. Rb1 Rd2 36. h6+ Kh8 37. Qc1 Rxd3 38. Qg5 Qf8 39. Ra1 Be7 40. Ra8 1-0

[Event "Albrecht-Beer-Turnier Gera"]
[Site "Gera"]
[Date "2024.10.05"]
[Round "5.6"]
[White "Kottwitz, Daniel"]
[Black "Richter, Michael"]
[Result "0-1"]
[WhiteElo "1948"]
[BlackElo "2420"]
[PlyCount "60"]
[EventDate "2024.10.03"]
[WhiteTeam "SZ Elstertal Langenberg"]
[BlackTeam "SK König Tegel 1949"]

1. d4 d5 2. Bf4 e6 3. e3 Nf6 4. Nd2 Bd6 5. Bxd6 Qxd6 6. f4 c5 7. c3 O-O 8. Bd3
b6 9. Qe2 a5 10. Ngf3 Ba6 11. Ne5 Bxd3 12. Qxd3 Nfd7 13. O-O f6 14. Nxd7 Nxd7
15. e4 c4 16. Qe2 b5 17. Rae1 Nb6 18. Rf2 Rab8 19. Nf1 Rbe8 20. Qh5 g6 21. Qh6
Rf7 22. Ng3 Qf8 23. Qh3 f5 24. e5 b4 25. Nf1 Rb8 26. g4 bxc3 27. bxc3 Na4 28.
Qf3 Nb2 29. Re3 Nd3 30. Rg2 Rb1 0-1

[Event "Albrecht-Beer-Turnier Gera"]
[Site "Gera"]
[Date "2024.10.05"]
[Round "5.7"]
[White "Kosovska, Olena"]
[Black "Czäczine, Anne"]
[Result "1/2-1/2"]
[WhiteElo "1896"]
[BlackElo "2184"]
[PlyCount "135"]
[EventDate "2024.10.03"]
[WhiteTeam "SG Grün-Weiß Dresden"]
[BlackTeam "Chemnitzer SC Aufbau`95"]

1. c4 Nf6 2. g3 e6 3. Bg2 d5 4. cxd5 exd5 5. d4 c6 6. Nc3 Bf5 7. Nf3 Ne4 8. Nh4
Nxc3 9. bxc3 Be6 10. Rb1 b5 11. O-O Be7 12. Nf3 Bf5 13. Ra1 Nd7 14. a4 a6 15.
axb5 axb5 16. Bf4 O-O 17. Ne5 Nxe5 18. Bxe5 Ra3 19. Rxa3 Bxa3 20. Qb3 Be7 21.
Ra1 Qb6 22. Qa2 b4 23. cxb4 Qxb4 24. Qa5 Qb2 25. Qa2 Qc3 26. Rd1 Ba3 27. Qd2
Qb3 28. Rf1 Bg6 29. Qf4 Qb4 30. Qg4 Qe7 31. h4 f6 32. Bf4 Bb2 33. h5 Bc2 34.
Bc1 Bc3 35. Be3 f5 36. Qf4 Bb2 37. Bh3 Qe8 38. Qg5 h6 39. Qh4 Ba3 40. Bg2 Be7
41. Qf4 Bg5 42. Qe5 Qxe5 43. dxe5 Bxe3 44. fxe3 Re8 45. Rc1 Ba4 46. Kf2 Rxe5
47. Ra1 Bb5 48. Ra7 f4 49. gxf4 Rxh5 50. Rc7 Rf5 51. Bh3 Rf6 52. Bg4 Kh7 53.
Re7 Ba4 54. Kf3 Bc2 55. Bh5 c5 56. Kf2 Be4 57. Rc7 c4 58. Ke1 Bg6 59. Bf3 Rd6
60. Kd2 h5 61. Rc5 Bf7 62. Kc3 h4 63. e4 dxe4 64. Bxe4+ g6 65. Rh5+ Kg7 66.
Rxh4 Kf6 67. Rg4 Re6 68. Bf3 1/2-1/2

[Event "Albrecht-Beer-Turnier Gera"]
[Site "Gera"]
[Date "2024.10.05"]
[Round "5.9"]
[White "Westphal, Wolfgang"]
[Black "May, Alexander"]
[Result "1-0"]
[WhiteElo "2136"]
[BlackElo "1952"]
[PlyCount "47"]
[EventDate "2024.10.03"]
[WhiteTeam "SSC Graal-Müritz"]
[BlackTeam "SV Gernrode 1887"]

1. e4 c6 2. Bc4 d5 3. Bb3 Nf6 4. e5 Ne4 5. Ne2 Bf5 6. d4 e6 7. f3 Ng5 8. h4
Nxf3+ 9. gxf3 Be7 10. Be3 Bxh4+ 11. Bf2 Bxf2+ 12. Kxf2 Nd7 13. c3 h5 14. Bc2
Bxc2 15. Qxc2 Qb6 16. Qb3 Qc7 17. Nd2 O-O-O 18. Rag1 Rdg8 19. c4 f6 20. cxd5
exd5 21. Nf4 g5 22. Nxd5 Qa5 23. Ne7+ Kd8 24. Nc4 1-0

[Event "Albrecht-Beer-Turnier Gera"]
[Site "Gera"]
[Date "2024.10.05"]
[Round "5.11"]
[White "Piotraschke, Jens"]
[Black "Skibbe, Diana"]
[Result "1-0"]
[WhiteElo "2059"]
[BlackElo "1955"]
[PlyCount "77"]
[EventDate "2024.10.03"]
[WhiteTeam "TuS Coswig 1920"]
[BlackTeam "SC Rochade Zeulenroda"]

1. d4 Nf6 2. c4 c5 3. d5 b5 4. cxb5 a6 5. e3 axb5 6. Bxb5 Qa5+ 7. Nc3 Ne4 8. a4
Nxc3 9. bxc3 Qxc3+ 10. Bd2 Qe5 11. Nf3 Qxd5 12. Qc2 e6 13. e4 Qh5 14. O-O Be7
15. Rfc1 O-O 16. Rab1 d5 17. Re1 Ba6 18. h3 Ra7 19. Bf4 Bxb5 20. axb5 Nd7 21.
exd5 Qxd5 22. Red1 Qb7 23. Qd3 Nf6 24. Ne5 Nd5 25. Bg3 Bf6 26. Nc6 Raa8 27.
Rdc1 Nb4 28. Nxb4 cxb4 29. Rxb4 Rfd8 30. Qe2 Qe7 31. Rbc4 e5 32. f4 Qa7+ 33.
Bf2 Qb8 34. fxe5 Bxe5 35. b6 Re8 36. Qf3 Bb2 37. b7 Ra7 38. Rc8 Bxc1 39. Rxb8
1-0

[Event "Albrecht-Beer-Turnier Gera"]
[Site "Gera"]
[Date "2024.10.05"]
[Round "5.12"]
[White "Temirbek, Amirali"]
[Black "Röhl, Rainer"]
[Result "0-1"]
[WhiteElo "1592"]
[BlackElo "2001"]
[PlyCount "64"]
[EventDate "2024.10.03"]
[BlackTeam "SSC Graal-Müritz"]

1. e4 c5 2. Nf3 g6 3. d4 cxd4 4. Nxd4 Nc6 5. Be3 Nf6 6. Nc3 Bg7 7. Nxc6 bxc6 8.
e5 Ng8 9. f4 d6 10. exd6 exd6 11. Bd4 Nf6 12. Qe2+ Be6 13. O-O-O O-O 14. Ne4
Bd5 15. Nc3 Be6 16. Ne4 d5 17. Nc5 Bg4 18. Bxf6 Qxf6 19. Qxg4 Qxb2+ 20. Kd2
Qc3+ 21. Kc1 Qxc5 22. Rd3 Rfe8 23. Qg3 Qa5 24. Re3 Qxa2 25. Rb3 Qa1+ 26. Kd2
Qa5+ 27. Kd1 Re7 28. Rb1 Rae8 29. Bd3 Bc3 30. Qf2 Be1 31. Rxe1 Rxe1+ 32. Qxe1
Rxe1# 0-1

[Event "Albrecht-Beer-Turnier Gera"]
[Site "Gera"]
[Date "2024.10.05"]
[Round "5.13"]
[White "Schmidt, Matthias"]
[Black "Helmsdorf, Marius"]
[Result "1/2-1/2"]
[WhiteElo "1993"]
[BlackElo "1948"]
[PlyCount "39"]
[EventDate "2024.10.03"]
[WhiteTeam "TSG Apolda"]
[BlackTeam "ESV Gera"]

1. e4 e6 2. d4 d5 3. Nc3 Nf6 4. e5 Nfd7 5. f4 c5 6. Nf3 Nc6 7. Be3 a6 8. Qd2 b5
9. Ne2 Qb6 10. g3 b4 11. dxc5 Bxc5 12. Ned4 O-O 13. Bh3 a5 14. O-O Ba6 15. Rfe1
Rfe8 16. Nxc6 Qxc6 17. Nd4 Qb6 18. Nb3 Bxe3+ 19. Qxe3 Qc7 20. Nd4 1/2-1/2

[Event "Albrecht-Beer-Turnier Gera"]
[Site "Gera"]
[Date "2024.10.05"]
[Round "5.14"]
[White "Feldmann, Bernd"]
[Black "Maiwald, Harald"]
[Result "1/2-1/2"]
[WhiteElo "1987"]
[BlackElo "1946"]
[PlyCount "31"]
[EventDate "2024.10.03"]
[WhiteTeam "Randspringer Bad Salzungen"]
[BlackTeam "TSG Apolda"]

1. d4 Nf6 2. c4 g6 3. Nc3 d5 4. Nf3 Bg7 5. Bf4 O-O 6. e3 c5 7. dxc5 Qa5 8. Qa4
Qxc5 9. b4 Qc6 10. b5 Qc5 11. Be5 Be6 12. Bd4 Qc8 13. cxd5 Nxd5 14. Nxd5 Bxd5
15. Bxg7 Kxg7 16. Qd4+ 1/2-1/2

[Event "Albrecht-Beer-Turnier Gera"]
[Site "Gera"]
[Date "2024.10.05"]
[Round "5.15"]
[White "Reimann, Hubert"]
[Black "Fadeev, Justin Michael"]
[Result "0-1"]
[WhiteElo "1956"]
[BlackElo "1776"]
[PlyCount "58"]
[EventDate "2024.10.03"]
[WhiteTeam "SV Motor Zeitz"]
[BlackTeam "Barnimer SF"]

1. d4 d5 2. Nf3 e6 3. e3 f5 4. c4 c6 5. Nc3 Nf6 6. b3 Bd6 7. Bd3 Ne4 8. Bb2 Nd7
9. O-O Qf6 10. Ne2 g5 11. Ne1 g4 12. g3 Ng5 13. f4 Nh3+ 14. Kh1 h5 15. Ng2 Nf8
16. Bc3 Ng6 17. Be1 Be7 18. b4 Qg7 19. b5 h4 20. bxc6 bxc6 21. cxd5 exd5 22.
Rc1 Bd7 23. Qc2 Qf7 24. Rb1 hxg3 25. Nxg3 Qh7 26. Bxf5 Bxf5 27. Qxf5 Nf2+ 28.
Kg1 Qxh2+ 29. Kxf2 Nh4 0-1

[Event "Albrecht-Beer-Turnier Gera"]
[Site "Gera"]
[Date "2024.10.05"]
[Round "5.16"]
[White "Niemann, Silvio"]
[Black "Thielsch, Norman"]
[Result "0-1"]
[WhiteElo "1901"]
[BlackElo "2323"]
[PlyCount "68"]
[EventDate "2024.10.03"]
[WhiteTeam "SV Blau-Weiß 69 Parchim"]
[BlackTeam "Chemnitzer SC Aufbau`95"]

1. e4 e5 2. Nf3 Nc6 3. d4 exd4 4. Nxd4 Nf6 5. Nxc6 bxc6 6. Bd3 d5 7. exd5 cxd5
8. O-O Be7 9. Bb5+ Bd7 10. Bxd7+ Qxd7 11. Nc3 O-O 12. Bg5 c6 13. Qf3 h6 14. Bh4
Rab8 15. b3 Rb4 16. Bg3 Ne4 17. Nxe4 Rxe4 18. Rad1 Qe6 19. Qc3 Bb4 20. Qd3 Re8
21. h3 h5 22. c3 Bc5 23. b4 Bb6 24. b5 h4 25. Bh2 Re2 26. bxc6 Qxc6 27. Bf4
Rxa2 28. Bg5 Ra4 29. Qxd5 Qxc3 30. Qd7 Rae4 31. Bxh4 Qe5 32. Rd5 Qe6 33. Bg3
Qg6 34. Bc7 R4e7 0-1

[Event "Albrecht-Beer-Turnier Gera"]
[Site "Gera"]
[Date "2024.10.05"]
[Round "5.17"]
[White "Carnot, Luca"]
[Black "Hofmann, Robby"]
[Result "1-0"]
[WhiteElo "2073"]
[BlackElo "1861"]
[PlyCount "61"]
[EventDate "2024.10.03"]
[WhiteTeam "TSG Apolda"]

1. d4 Nf6 2. Nf3 g6 3. c4 Bg7 4. Nc3 O-O 5. e4 d6 6. h3 a6 7. Be3 c6 8. a4 e5
9. d5 cxd5 10. cxd5 Nbd7 11. Be2 Nh5 12. g3 f5 13. exf5 Rxf5 14. g4 Rxf3 15.
Bxf3 Nf4 16. Qd2 Bh6 17. Ne4 Nb6 18. Bxf4 Bxf4 19. Qb4 Nxd5 20. Qxd6 Qxd6 21.
Nxd6 Nb4 22. O-O Rb8 23. Ra3 Nc2 24. Rc3 Nd4 25. Nxc8 Nxf3+ 26. Rxf3 Rxc8 27.
Rd1 g5 28. Rfd3 Rc4 29. Rd8+ Kf7 30. R8d7+ Ke6 31. R1d6# 1-0

[Event "Albrecht-Beer-Turnier Gera"]
[Site "Gera"]
[Date "2024.10.05"]
[Round "5.18"]
[White "Steinbacher, Claudia"]
[Black "Pekrul, Jürgen"]
[Result "1-0"]
[WhiteElo "2041"]
[BlackElo "1890"]
[PlyCount "71"]
[EventDate "2024.10.03"]
[WhiteTeam "Rodewischer Schachmiezen"]
[BlackTeam "VfL 1990 Gera"]

1. d4 d5 2. c4 c6 3. Nc3 Bf5 4. cxd5 cxd5 5. Qb3 Qc8 6. Qxd5 Nf6 7. Qb3 Nc6 8.
Nf3 e6 9. Bf4 a6 10. Rc1 Bb4 11. a3 Ba5 12. e3 O-O 13. Be2 Nd5 14. Bg3 b5 15.
O-O Bxc3 16. bxc3 Na5 17. Qb2 Nc4 18. Qa2 Ndb6 19. Ne5 Nxe5 20. Bxe5 Nc4 21.
Bg3 Re8 22. Bf3 Ra7 23. Rfd1 h6 24. a4 Ree7 25. Ra1 bxa4 26. Be2 Nb6 27. c4 Nd7
28. Bd6 Re8 29. Qxa4 e5 30. Qa5 f6 31. d5 Nb8 32. c5 Rd8 33. f3 e4 34. f4 Rdd7
35. Rab1 Rdb7 36. c6 1-0

[Event "Albrecht-Beer-Turnier Gera"]
[Site "Gera"]
[Date "2024.10.05"]
[Round "5.19"]
[White "Gersemann, Karl"]
[Black "Meyner, Hannes"]
[Result "0-1"]
[WhiteElo "1846"]
[BlackElo "2016"]
[PlyCount "142"]
[EventDate "2024.10.03"]
[WhiteTeam "TSG Oberschöneweide"]
[BlackTeam "SAbt TG 1949 Wehlheiden"]

1. e4 e5 2. Nf3 Nc6 3. Bb5 a6 4. Ba4 Nf6 5. d3 d6 6. c3 g6 7. Nbd2 Bg7 8. O-O
O-O 9. d4 b5 10. Bc2 exd4 11. cxd4 Nb4 12. Bb1 c5 13. d5 a5 14. a3 Na6 15. a4
Bd7 16. Bd3 bxa4 17. Bc2 Re8 18. Re1 Nb4 19. Bxa4 Nd3 20. Re3 Nxc1 21. Bxd7
Qxd7 22. Qxc1 Bh6 23. Re1 Qg4 24. Qc2 Rab8 25. h3 Qd7 26. Nc4 Rb4 27. Rxa5 Reb8
28. Rd1 Qc7 29. Ra6 Ne8 30. Rc6 Qb7 31. Nxd6 Nxd6 32. Rxd6 Rxb2 33. Qa4 Rb4 34.
Qa5 Rxe4 35. Rd8+ Rxd8 36. Qxd8+ Kg7 37. d6 Qb3 38. Rf1 Qd3 39. d7 Re6 40. Qe8
Rd6 41. Re1 Bf4 42. Re7 Qd1+ 43. Ne1 Qd5 44. g3 Bd2 45. Nf3 Qxf3 46. d8=Q Rxd8
47. Qxd8 Bg5 48. Rxf7+ Kxf7 49. Qxg5 c4 50. Qd8 c3 51. Qd7+ Kf6 52. Qd6+ Kg7
53. Qd7+ Kh6 54. Qa4 Qf6 55. Qe4 Kg7 56. Qb7+ Qf7 57. Qe4 Qc7 58. Qd4+ Kg8 59.
Qd5+ Kf8 60. Qd4 c2 61. Qh8+ Ke7 62. Qg7+ Kd6 63. Qf6+ Kd5 64. Qf3+ Kc4 65.
Qe4+ Kb3 66. Qd3+ Qc3 67. Qb5+ Qb4 68. Qd5+ Kb2 69. Qe5+ Kb1 70. Qe3 c1=Q+ 71.
Qxc1+ Kxc1 0-1

[Event "Albrecht-Beer-Turnier Gera"]
[Site "Gera"]
[Date "2024.10.05"]
[Round "5.20"]
[White "Seidens, Gunter"]
[Black "Seidel, Oliver"]
[Result "1/2-1/2"]
[WhiteElo "2005"]
[BlackElo "1835"]
[PlyCount "46"]
[EventDate "2024.10.03"]
[WhiteTeam "VfL 1990 Gera"]
[BlackTeam "SC Reichenbach"]

1. d4 d5 2. Nf3 e6 3. c4 Nf6 4. Nc3 c6 5. Bg5 Nbd7 6. e3 Be7 7. Rc1 Ne4 8. Bf4
Nxc3 9. bxc3 dxc4 10. Bxc4 Nb6 11. Bd3 Nd5 12. Bg3 Qa5 13. Qb3 Nxc3 14. Rxc3
Bb4 15. Kd2 Bxc3+ 16. Qxc3 Qxa2+ 17. Bc2 O-O 18. Ra1 Qd5 19. Ra5 Qd8 20. Rh5 g6
21. Bh4 f6 22. Qd3 Rf7 23. Rc5 Rg7 1/2-1/2

[Event "Albrecht-Beer-Turnier Gera"]
[Site "Gera"]
[Date "2024.10.05"]
[Round "5.21"]
[White "Hoffmann, Tim"]
[Black "Barth, Jürgen"]
[Result "1-0"]
[WhiteElo "2004"]
[BlackElo "1815"]
[PlyCount "119"]
[EventDate "2024.10.03"]
[WhiteTeam "SF Greiz"]
[BlackTeam "Meuselwitzer SV"]

1. e4 e5 2. Bc4 Nc6 3. Nc3 Nf6 4. d3 h6 5. f4 Bb4 6. fxe5 Nxe5 7. Bb3 d6 8. h3
Be6 9. Nf3 Bxb3 10. axb3 Nh5 11. O-O Bxc3 12. bxc3 Nf6 13. d4 Nc6 14. Qe1 Qe7
15. e5 dxe5 16. Ba3 Qe6 17. Nxe5 Nxe5 18. dxe5 Nd7 19. Qh4 g5 20. Qa4 a6 21.
Rae1 O-O-O 22. Qe4 Rhe8 23. Qh7 Qb6+ 24. Kh1 Nxe5 25. Qf5+ Nd7 26. Qxf7 Rxe1
27. Rxe1 Qf6 28. Qxf6 Nxf6 29. Re6 Ng8 30. c4 Kd7 31. Rg6 Re8 32. Bb4 b6 33.
Kh2 a5 34. Ba3 Rb8 35. Kg3 Ne7 36. Bxe7 Kxe7 37. Rxh6 b5 38. Rc6 Kd7 39. Rc5 c6
40. cxb5 Rxb5 41. Rc4 Kd6 42. h4 gxh4+ 43. Kxh4 Rb8 44. g4 Rh8+ 45. Kg3 Kd5 46.
g5 Rh1 47. Kg2 Rh5 48. Rg4 Ke5 49. g6 Rh8 50. g7 Rg8 51. Kf3 Kf5 52. Rg1 Kf6
53. Ke4 Ke6 54. Kd4 Kd6 55. Rg6+ Kc7 56. Ke5 Kd7 57. Kf6 c5 58. Kf7 c4 59. Kxg8
cxb3 60. cxb3 1-0

[Event "Albrecht-Beer-Turnier Gera"]
[Site "Gera"]
[Date "2024.10.05"]
[Round "5.22"]
[White "Streit, Jürgen"]
[Black "Sechting, Martin"]
[Result "0-1"]
[WhiteElo "1882"]
[BlackElo "1988"]
[PlyCount "48"]
[EventDate "2024.10.03"]
[WhiteTeam "SZ Elstertal Langenberg"]
[BlackTeam "SC Weisse Dame"]

1. e4 Nf6 2. e5 Nd5 3. c4 Nb6 4. c5 Nd5 5. Bc4 e6 6. Nc3 Nxc3 7. dxc3 Nc6 8.
Bf4 Bxc5 9. Qg4 g5 10. Bg3 h5 11. Qe4 h4 12. Bf4 gxf4 13. Qxf4 d5 14. Bb5 h3
15. Nf3 hxg2 16. Rg1 Rg8 17. h4 Qe7 18. b4 Bb6 19. Ng5 Bd7 20. Bd3 Nxe5 21.
Qxe5 f6 22. Qg3 fxg5 23. Rxg2 g4 24. Qe5 O-O-O 0-1

[Event "Albrecht-Beer-Turnier Gera"]
[Site "Gera"]
[Date "2024.10.05"]
[Round "5.23"]
[White "Fleischmann, Theo"]
[Black "Helms, Sven"]
[Result "1/2-1/2"]
[WhiteElo "1814"]
[BlackElo "1966"]
[PlyCount "56"]
[EventDate "2024.10.03"]
[WhiteTeam "SVG CAISSA Kassel"]
[BlackTeam "SF Schwerin"]

1. Nf3 Nf6 2. g3 e6 3. Bg2 d5 4. O-O Be7 5. d3 O-O 6. Nbd2 c5 7. e4 Nc6 8. Re1
b5 9. e5 Nd7 10. Nf1 a5 11. h4 Qc7 12. Bf4 Ba6 13. Ne3 Nb6 14. h5 d4 15. Ng4
Nd5 16. Bd2 Rad8 17. h6 g6 18. Ng5 Bb7 19. Ne4 c4 20. Qf3 Nxe5 21. Nef6+ Bxf6
22. Nxf6+ Kh8 23. Qe4 Nxf6 24. Qxe5 Qxe5 25. Rxe5 Nd5 26. Bxa5 Ra8 27. Bd2 Ra6
28. Re2 Rfa8 1/2-1/2

[Event "Albrecht-Beer-Turnier Gera"]
[Site "Gera"]
[Date "2024.10.05"]
[Round "5.24"]
[White "Gast, Rainer"]
[Black "Binder, Andreas"]
[Result "1-0"]
[WhiteElo "1965"]
[BlackElo "1821"]
[PlyCount "75"]
[EventDate "2024.10.03"]
[WhiteTeam "SV Breitenworbis"]
[BlackTeam "SK Weiden 1907"]

1. d4 Nf6 2. c4 e6 3. Nc3 Bb4 4. e3 Bxc3+ 5. bxc3 Nc6 6. Bd3 b6 7. Ne2 Ba6 8.
Ng3 Na5 9. Qe2 d5 10. cxd5 Bxd3 11. Qxd3 Qxd5 12. e4 Qc4 13. Qxc4 Nxc4 14. Ke2
O-O 15. f3 c6 16. Nf1 Rac8 17. Ne3 Nxe3 18. Bxe3 Rfe8 19. c4 b5 20. a4 a6 21.
Rhb1 bxc4 22. Rc1 Ra8 23. Rxc4 Rec8 24. Rac1 h6 25. Rxc6 Rxc6 26. Rxc6 Kh7 27.
Kd3 Ng8 28. Kc4 Ne7 29. Rc7 Rc8 30. Rxc8 Nxc8 31. Kc5 Kg6 32. Kc6 Kf6 33. Kb7
Nd6+ 34. Kxa6 Ke7 35. Bf4 Nc8 36. Kb7 Kd7 37. a5 g5 38. Be5 1-0